8 mots dans mots : ave (mort subite) - Statistiques

Statistiques générales
  • Ce quiz a été pris 47 fois
  • Le résultat moyen est 6 sur 8
Answers on the Grid
Answers color-coded by a green-red scale on the quiz's grid according to % correct below.
Contr---ntionnel
C---itablement
Intr---ineuse
Clar---cation
Peintre-gr---ur
---haristique
---rtissement
Photogr---use
Dé---gulariser
Machi---liquement
Mari---ettiste
Tr---stissement
Interp---ariat
M---tarisation
Invari---lement
Tr---ller's chèque
 
Statistiques - réponses
Réponse % Correct
Peintre-gr---ur
91%
Contr---ntionnel
87%
---rtissement
87%
Intr---ineuse
85%
Tr---stissement
81%
Tr---ller's chèque
74%
Machi---liquement
72%
Photogr---use
47%
Aucun quiz correspondant
Distribution des résultats
% des personnes avec chaque résultat
Percentile par nombre de réponses
Votre historique - résultats
Vous n’avez pas pris ce quiz